<?xml version="1.0" encoding="UTF-8"?>
<record
    xmlns:xsi="http://www.w3.org/2001/XMLSchema-instance"
    xsi:schemaLocation="http://www.loc.gov/MARC21/slim http://www.loc.gov/standards/marcxml/schema/MARC21slim.xsd"
    xmlns="http://www.loc.gov/MARC21/slim">

  <leader>00910nam a2200157   4500</leader>
  <controlfield tag="008">708 C346n</controlfield>
  <datafield tag="020" ind1=" " ind2=" ">
    <subfield code="a">9789968899345</subfield>
  </datafield>
  <datafield tag="082" ind1=" " ind2=" ">
    <subfield code="a">708</subfield>
    <subfield code="b">C346n</subfield>
  </datafield>
  <datafield tag="100" ind1=" " ind2=" ">
    <subfield code="a">Casta&#xF1;eda, Lina</subfield>
    <subfield code="9">6693</subfield>
  </datafield>
  <datafield tag="245" ind1=" " ind2=" ">
    <subfield code="a">New fantasies</subfield>
  </datafield>
  <datafield tag="260" ind1=" " ind2=" ">
    <subfield code="a">San Jos&#xE9;, Costa Rica</subfield>
    <subfield code="b">TEOR/&#xE9;Tica</subfield>
    <subfield code="c">2017</subfield>
  </datafield>
  <datafield tag="300" ind1=" " ind2=" ">
    <subfield code="a">188 p.</subfield>
    <subfield code="b">ill (col)</subfield>
    <subfield code="c">24 x 17 cm</subfield>
  </datafield>
  <datafield tag="505" ind1=" " ind2=" ">
    <subfield code="t">New Fantasies en TEOR/&#xE9;Tica</subfield>
    <subfield code="r">Gabriela Sa&#xE9;nz-Shelby</subfield>
    <subfield code="t">New Fantasies</subfield>
    <subfield code="r">Lina Casta&#xF1;eda e Inti Guerrero</subfield>
    <subfield code="t">El ben&#xE9;fico perfume de las flores del mal</subfield>
    <subfield code="r">Roberto Guerrero</subfield>
    <subfield code="t">Discurso de graduaci&#xF3;n</subfield>
    <subfield code="r">Meryl Streep</subfield>
    <subfield code="t">"Son machistas las tratan mal": masculinidad transaccional comparativa en el turismo sexual</subfield>
    <subfield code="r">Megan Rivers-Moore</subfield>
    <subfield code="t">Entrevista al curador Xavier Arakistain</subfield>
    <subfield code="r">Lina Caste&#xF1;eda</subfield>
    <subfield code="t">Poema vitrina</subfield>
    <subfield code="r">Mar&#xED;a Teresa Hincapi&#xE9;</subfield>
    <subfield code="t">Translations</subfield>
  </datafield>
  <datafield tag="650" ind1=" " ind2=" ">
    <subfield code="x">arte contempor&#xE1;neo</subfield>
    <subfield code="x">arte - exhibiciones</subfield>
    <subfield code="x">arte - identidad de g&#xE9;nero</subfield>
    <subfield code="x">arte - mujeres</subfield>
    <subfield code="x">are - sexualidad</subfield>
    <subfield code="9">6694</subfield>
  </datafield>
  <datafield tag="700" ind1=" " ind2=" ">
    <subfield code="a">Guerrero, Inti</subfield>
    <subfield code="9">6695</subfield>
  </datafield>
  <datafield tag="999" ind1=" " ind2=" ">
    <subfield code="c">1621</subfield>
    <subfield code="d">1621</subfield>
  </datafield>
  <datafield tag="952" ind1=" " ind2=" ">
    <subfield code="0">0</subfield>
    <subfield code="1">0</subfield>
    <subfield code="2">ddc</subfield>
    <subfield code="4">0</subfield>
    <subfield code="7">0</subfield>
    <subfield code="a">LV</subfield>
    <subfield code="b">LV</subfield>
    <subfield code="c">Colecci&#xF3;n Teor&#xE9;tica</subfield>
    <subfield code="d">2018-09-20</subfield>
    <subfield code="l">0</subfield>
    <subfield code="o">708 C346n</subfield>
    <subfield code="p">002264</subfield>
    <subfield code="r">2018-09-20 00:00:00</subfield>
    <subfield code="w">2018-09-20</subfield>
    <subfield code="y">01</subfield>
  </datafield>
  <datafield tag="952" ind1=" " ind2=" ">
    <subfield code="0">0</subfield>
    <subfield code="1">0</subfield>
    <subfield code="2">ddc</subfield>
    <subfield code="4">0</subfield>
    <subfield code="7">0</subfield>
    <subfield code="a">LV</subfield>
    <subfield code="b">LV</subfield>
    <subfield code="c">Colecci&#xF3;n Teor&#xE9;tica</subfield>
    <subfield code="d">2018-09-20</subfield>
    <subfield code="l">0</subfield>
    <subfield code="o">708 C346n</subfield>
    <subfield code="p">002280</subfield>
    <subfield code="r">2018-09-20 00:00:00</subfield>
    <subfield code="w">2018-09-20</subfield>
    <subfield code="y">01</subfield>
  </datafield>
</record>
